000 00360nam a22001577a 4500
003 SGT
020 _a978131246573
082 _a617
_bS20T
100 _aTOWNSEND, COURTNEY M.
245 _aSABISTONS TB. OF SURGERY 2 VOLUME SET
250 _a20TH
260 _aINDIA
_bELSEVIR PUB
_c2020
300 _a1012, 2146
650 _aSURGERY
942 _2ddc
_cBK
_03
999 _c21008
_d21008